| 000 | 00773cam a22002413a 4500 | ||
|---|---|---|---|
| 001 | 17741 | ||
| 003 | PGUSA | ||
| 005 | 20140828083358.0 | ||
| 008 | 060210s2006||||xxu|||||s|||||000 1 eng d | ||
| 040 |
_aPGUSA _beng |
||
| 042 | _adc | ||
| 050 | 4 | _aPR | |
| 100 | 1 |
_aLe Gallienne, Richard, _d1866-1947 |
|
| 245 | 1 | 0 |
_aPieces of Eight : _bBeing the Authentic Narrative of a Treasure Discovered in the Bahama Islands in the Year 1903 _h[electronic resource] / _cRichard Le Gallienne |
| 260 |
_bProject Gutenberg, _c2006 |
||
| 506 | _aPublic domain in the USA. | ||
| 516 | _aElectronic text | ||
| 653 | _aBahamas -- Fiction | ||
| 653 | _aTreasure troves -- Fiction | ||
| 830 | 0 |
_aProject Gutenberg _v17741 |
|
| 856 | 4 | 0 | _uhttp://www.gutenberg.org/ebooks/17741 |
| 942 | _cEB | ||
| 999 |
_c246996 _d246996 |
||